Oxford dictionary of business english : for learners of english
Αποθηκεύτηκε σε:
| Άλλοι συγγραφείς: | |
|---|---|
| Μορφή: | Βιβλίο |
| Γλώσσα: | English |
| Δημοσίευση: |
Oxford :
Oxford University Press,
c1993
|
| Θέματα: | |
| Ετικέτες: |
Προσθήκη ετικέτας
Δεν υπάρχουν, Καταχωρήστε ετικέτα πρώτοι!
|
MARC
| LEADER | 00000nam a2200000 i 4500 | ||
|---|---|---|---|
| 001 | 1/82721 | ||
| 008 | 990526s1993 eng d | ||
| 020 | |a 0194314405 | ||
| 035 | |l 10051157 | ||
| 040 | |a GR-MY-UA |b gre |e aacr | ||
| 041 | 0 | |a eng | |
| 082 | 0 | |a 650.03 | |
| 245 | 1 | 0 | |a Oxford dictionary of business english : |b for learners of english / |c edited by Allene Tuck |
| 260 | |a Oxford : |b Oxford University Press, |c c1993 | ||
| 300 | |a 491 p. | ||
| 500 | |a Phonetics editor Michael Ashby | ||
| 650 | 0 | 0 | |a Business |x Dictionaries. |
| 650 | 0 | 0 | |a Finance |x Dictionaries. |
| 650 | 0 | 0 | |a Management |x Dictionaries. |
| 650 | 0 | 0 | |a English language |x Dictionaries. |
| 700 | 1 | |a Tuck, Allene. |4 edt | |
| 852 | |a INST |b LESVOS |e 19990526 |h 650.03 OXF |p 005100019535 |q 005100019535 |t REF |y 23 | ||
| 901 | |a BIBL1-1999-3 | ||
| 909 | |a Λ |b 062535 | ||
| 922 | |a 1ΕΛΗ |b 199812 |c ΚΠΣ/ΚΥΒ |d LEADER | ||
| 950 | |a 023-1998-09-14 | ||
| 970 | |z 1999/09/14 |a ΤΖΑΦΕΡΗ |b ΕΥΑΓΓΕΛΙΑ | ||